देवी चौधरानी / (Record no. 15527)

MARC details
000 -LEADER
fixed length control field 01140nam a22002537a 4500
005 - DATE AND TIME OF LATEST TRANSACTION
control field 20140813113407.0
008 - FIXED-LENGTH DATA ELEMENTS--GENERAL INFORMATION
fixed length control field 080922t xxu||||| |||| 00| f hin d
010 ## - LCCN (DPL NO)
LC control number HIN-84143 G-002614
020 ## - INTERNATIONAL STANDARD BOOK NUMBER
International Standard Book Number 9788188286485
Terms of availability 200.00
035 ## - SYSTEM CONTROL NUMBER
System control number HN-56489
035 ## - SYSTEM CONTROL NUMBER
System control number G-002614
037 ## - SOURCE OF ACQUISITION
Source of stock number/acquisition DBAD / PUB
040 ## - CATALOGING SOURCE
Original cataloging agency DPL
Language of cataloging HN
082 ## - DEWEY DECIMAL CLASSIFICATION NUMBER
Classification number
100 ## - MAIN ENTRY--PERSONAL NAME
Personal name चट्टोपाघ्याय, बंकिमचन्द्र
Numeration 1838-
245 ## - TITLE STATEMENT
Title देवी चौधरानी /
Statement of responsibility, etc बंकिमचन्द्र चट्टोपाघ्याय,
246 ## - VARYING FORM OF TITLE
Title proper/short title Devi Chaudharaani
Remainder of title by Bankimchandra Chattopadhyay
260 ## - PUBLICATION, DISTRIBUTION, ETC. (IMPRINT)
Place of publication, distribution, etc दिल्ली
Name of publisher, distributor, etc नार्थ इण्डिया पब्लिशर्स
Date of publication, distribution, etc 2008
270 ## - ADDRESS
Address फेस ई1/265, गली नं.-17, सोनिया विहार
City दिल्ली
Postal code 110094
300 ## - PHYSICAL DESCRIPTION
Extent 144पृ.
Dimensions 22सेमी (सजिल्द )
650 ## - SUBJECT ADDED ENTRY--TOPICAL TERM
Topical term or geographic name as entry element बँगला कथा साहित्य
General subdivision हिन्दी में अनुवाद
650 ## - SUBJECT ADDED ENTRY--TOPICAL TERM
Topical term or geographic name as entry element Bangla fiction
General subdivision Translations into Hindi
942 ## - ADDED ENTRY ELEMENTS (KOHA)
Source of classification or shelving scheme Dewey Decimal Classification
Item type Hindi Books
Classification part
Call number suffix चट्टोपा
Holdings
Withdrawn status Lost status Source of classification or shelving scheme Damaged status Not for loan Home library Current library Date acquired Source of acquisition Cost, normal purchase price Total Checkouts Full call number Barcode Date last seen Copy number Cost, replacement price Koha item type Collection code
    Dewey Decimal Classification   Not For Loan D.B.Act.Division D.B.Act.Division 22/09/2008 DBAD/PUB 200.00   उ चट्टोपा HN-56489 22/09/2008 1 200.00 Hindi Books  
    Dewey Decimal Classification     Mobile Library Mobile Library 13/08/2014 Gift 250.00   उ चट्टोपा G-002614 13/08/2014 1 250.00 Hindi Books Fiction

© Delhi Public Library
Hit Counter
free hit counter